banner koha

Amontoas e cobertura do solo com cama-de-frango na produção de cebolinha, com duas colheitas (Registro n. 221888)

MARC details
000 -LÍDER
campo de controle de tamanho fixo 01013nas a2200337 4500
001 - NÚMERO DE CONTROLE
campo de controle BR2012006692
003 - IDENTIFICADOR DO NÚMERO DE CONTROLE
campo de controle BR-BrBNA
005 - DATA E HORÁRIO DA ÚLTIMA TRANSAÇÃO
campo de controle 20231205121119.0
007 - CAMPO FIXO DE DESCRIÇÃO FÍSICA--INFORMAÇÃO GERAL
campo de controle de tamanho fixo ta
008 - CAMPO DE DADOS FIXOS--INFORMAÇÃO GERAL
campo de controle de tamanho fixo 230509b bl.|||p| |||| 00| 00por d
040 ## - FONTE DA CATALOGAÇÃO
Instituição da catalogação original BR-BrBNA
Idioma da catalogação por
Instituição que transcreveu o registro Biblioteca Nacional de Agricultura
041 ## - CÓDIGO DE IDIOMA
Código do idioma do texto/trilha sonora ou título diferente (Pt)
072 ## - CÓDIGO DE CATEGORIA DE ASSUNTO
Código de Categoria de Assunto P33
100 1# - ENTRADA PRINCIPAL--NOME PESSOAL
Nome pessoal Zárate, N.A.H.
100 1# - ENTRADA PRINCIPAL--NOME PESSOAL
Nome pessoal Matte, L.C.
100 1# - ENTRADA PRINCIPAL--NOME PESSOAL
Nome pessoal Vieira, M. do C.
100 1# - ENTRADA PRINCIPAL--NOME PESSOAL
Nome pessoal Graciano, J.D.
100 1# - ENTRADA PRINCIPAL--NOME PESSOAL
Nome pessoal Heid, D.M.
100 1# - ENTRADA PRINCIPAL--NOME PESSOAL
Nome pessoal Helmich, M.
245 1# - TÍTULO
Título Amontoas e cobertura do solo com cama-de-frango na produção de cebolinha, com duas colheitas
650 ## - ASSUNTO--TERMO TÓPICO
Cabeçalho tópico ou nome geográfico ALLIUM FISTULOSUM
650 ## - ASSUNTO--TERMO TÓPICO
Cabeçalho tópico ou nome geográfico RESÍDUO ORGÂNICO
650 ## - ASSUNTO--TERMO TÓPICO
Cabeçalho tópico ou nome geográfico RENDA
650 ## - ASSUNTO--TERMO TÓPICO
Cabeçalho tópico ou nome geográfico COBERTURA DO SOLO
650 ## - ASSUNTO--TERMO TÓPICO
Cabeçalho tópico ou nome geográfico CAMA DE GALINHEIRO
650 ## - ASSUNTO--TERMO TÓPICO
Cabeçalho tópico ou nome geográfico CEBOLINHA
650 ## - ASSUNTO--TERMO TÓPICO
Cabeçalho tópico ou nome geográfico PRODUÇÃO VEGETAL
773 0# - ENTRADA ANALÍTICA
Título Acta Scientiarum. Agronomy (Brazil)
ISSN - International Standard Serial Number ISSN 1679-9275
Partes relacionadas (Jul- Sept 2010), v. 32(3) p. 449-454
Número de controle do registro BR2012006692
909 ## -
-- 202311
-- Lúcia
-- 55
-- Lúcia Elande
942 ## - ELEMENTOS DE ENTRADA ADICIONADOS (KOHA)
Fonte da classificação ou esquema de arquivamento na estante Classificação AGRIS
Ocultar no OPAC Não
Tipo de material Koha Analítica
Exemplares
Situação do descarte Fonte da classificação ou esquema de arquivamento na estante Situação física Não pode ser emprestado Biblioteca de origem Biblioteca atual Localização na estante Enumeração do periódico / cronologia Total de empréstimos Data de último acesso Número do exemplar Tipo de material Koha Fonte de aquisição
  Classificação AGRIS   Consulta local Biblioteca Nacional de Agricultura - Binagri Biblioteca Nacional de Agricultura - Binagri   (Jul- Sept 2010), v. 32(3) p. 449-454   29/11/2023 01 Periódicos Portaria Interministerial nº 164/94

BINAGRI

Telefone: (61)3218-2567/2388/3357/2097 - binagri@agro.gov.br

Ministério da Agricultura e Pecuária , Esplanada dos Ministérios, Bloco D, Anexo B, Brasília/DF, CEP: 70.043-900